Chăn nuôi lợn trang trại /
v.v...
Đã lưu trong:
| Tác giả chính: | |
|---|---|
| Định dạng: | Sách |
| Năm xuất bản: |
H.:
Lao động xã hội,
2006.
|
| Chủ đề: | |
| Tags: |
Thêm thẻ
Không có thẻ, Hãy là người đầu tiên gắn thẻ bản ghi này!
|
| LEADER | 01981nam a2200253 4500 | ||
|---|---|---|---|
| 082 | |a 636.4 |b NG527TH | ||
| 100 | |a Nguyễn Thanh Sơn | ||
| 245 | |a Chăn nuôi lợn trang trại / |c Nguyễn Thanh Sơn, Nguyễn Quế Côi. | ||
| 260 | |a H.: |c 2006. |b Lao động xã hội, | ||
| 300 | |c 19 cm |a 192 tr.; | ||
| 520 | |a v.v... | ||
| 653 | |a Lợn - Chăn nuôi | ||
| 942 | |2 ddc |c STK0 | ||
| 999 | |c 6609 |d 6609 | ||
| 952 | |0 0 |1 0 |2 ddc |4 0 |6 636_400000000000000_NG527TH |7 0 |8 600 |9 61648 |a qbu |b qbu |c D3 |d 2015-01-21 |g 25000 |o 636.4 NG527TH |p 6231.c1 |r 0000-00-00 |w 2015-01-21 |y STK0 | ||
| 952 | |0 0 |1 0 |2 ddc |4 0 |6 636_400000000000000_NG527TH |7 0 |8 600 |9 61649 |a qbu |b qbu |c D3 |d 2015-01-21 |g 25000 |o 636.4 NG527TH |p 6231.c2 |r 0000-00-00 |w 2015-01-21 |y STK0 | ||
| 952 | |0 0 |1 0 |2 ddc |4 0 |6 636_400000000000000_NG527TH |7 0 |8 600 |9 61650 |a qbu |b qbu |c D3 |d 2015-01-21 |g 25000 |o 636.4 NG527TH |p 6231.c3 |r 0000-00-00 |w 2015-01-21 |y STK0 | ||
| 952 | |0 0 |1 0 |2 ddc |4 0 |6 636_400000000000000_NG527TH |7 0 |8 600 |9 61651 |a qbu |b qbu |c D3 |d 2015-01-21 |g 25000 |o 636.4 NG527TH |p 6231.c4 |r 0000-00-00 |w 2015-01-21 |y STK0 | ||
| 952 | |0 0 |1 0 |2 ddc |4 0 |6 636_400000000000000_NG527TH |7 0 |8 600 |9 61652 |a qbu |b qbu |c D3 |d 2015-01-21 |g 25000 |o 636.4 NG527TH |p 6231.c5 |r 0000-00-00 |w 2015-01-21 |y STK0 | ||
| 952 | |0 0 |1 0 |2 ddc |4 0 |6 636_400000000000000_NG527TH |7 0 |8 600 |9 61653 |a qbu |b qbu |c D3 |d 2015-01-21 |g 25000 |o 636.4 NG527TH |p 6231.c6 |r 0000-00-00 |w 2015-01-21 |y STK0 | ||
| 952 | |0 0 |1 0 |2 ddc |4 0 |6 636_400000000000000_NG527TH |7 0 |8 600 |9 61654 |a qbu |b qbu |c D3 |d 2015-01-21 |g 25000 |o 636.4 NG527TH |p 6231.c7 |r 0000-00-00 |w 2015-01-21 |y STK0 | ||
| 952 | |0 0 |1 0 |2 ddc |4 0 |6 636_400000000000000_NG527TH |7 0 |8 600 |9 61655 |a qbu |b qbu |c D3 |d 2015-01-21 |g 25000 |o 636.4 NG527TH |p 6231.c8 |r 0000-00-00 |w 2015-01-21 |y STK0 | ||
| 952 | |0 0 |1 0 |2 ddc |4 0 |6 636_400000000000000_NG527TH |7 0 |8 600 |9 61656 |a qbu |b qbu |c D3 |d 2015-01-21 |g 25000 |o 636.4 NG527TH |p 6231.c9 |r 0000-00-00 |w 2015-01-21 |y STK0 | ||
| 952 | |0 0 |1 0 |2 ddc |4 0 |6 636_400000000000000_NG527TH |7 0 |8 600 |9 61657 |a qbu |b qbu |c D3 |d 2015-01-21 |g 25000 |o 636.4 NG527TH |p 6231.c10 |r 0000-00-00 |w 2015-01-21 |y STK0 | ||